Learning: issues and aspects / (Record no. 104765)

MARC details
000 -LEADER
fixed length control field 00749nam a22002417a 4500
005 - DATE AND TIME OF LATEST TRANSACTION
control field 20161125124032.0
010 ## - LCCN (DPL NO)
LC control number ENG-116655
020 ## - INTERNATIONAL STANDARD BOOK NUMBER
International Standard Book Number 9789380570877
Terms of availability 950.00
035 ## - SYSTEM CONTROL NUMBER
System control number EN-100187
037 ## - SOURCE OF ACQUISITION
Source of stock number/acquisition DBAD/PUB
082 ## - DEWEY DECIMAL CLASSIFICATION NUMBER
Classification number 370.1523
245 ## - TITLE STATEMENT
Title Learning: issues and aspects /
Statement of responsibility, etc edited by Girish Choudhary...[et... al]
260 ## - PUBLICATION, DISTRIBUTION, ETC. (IMPRINT)
Place of publication, distribution, etc New Delhi
Name of publisher, distributor, etc Global Books Organisation
Date of publication, distribution, etc 2016
270 ## - ADDRESS
Address Sarashwati House,U-9, Subhash Park, Uttam Nagar
City New Delhi
Postal code 110059
300 ## - PHYSICAL DESCRIPTION
Extent xiv,412p. :
Dimensions 22cm(pbk)
Other physical details ill
500 ## - GENERAL NOTE
General note Includes index
700 ## - ADDED ENTRY--PERSONAL NAME
Personal name Choudhary,Girish
700 ## - ADDED ENTRY--PERSONAL NAME
Personal name Malaviya,Renu
700 ## - ADDED ENTRY--PERSONAL NAME
Personal name Kalra,Mani Bhasin
700 ## - ADDED ENTRY--PERSONAL NAME
Personal name Asthana,Neelima
700 ## - ADDED ENTRY--PERSONAL NAME
Personal name Mehta,Richa
942 ## - ADDED ENTRY ELEMENTS (KOHA)
Source of classification or shelving scheme Dewey Decimal Classification
Item type English Books
Classification part 370.1523
Call number suffix LEA
Holdings
Withdrawn status Lost status Not for loan Collection code Home library Current library Date acquired Source of acquisition Cost, normal purchase price Full call number Barcode Copy number Cost, replacement price Koha item type
    Not For Loan Non-fiction D.B.Act.Division Bawana 25/11/2016 DBAD/PUB 950.00 370.1523 LEA EN-100187 1 950.00 English Books

© Delhi Public Library
Hit Counter
free hit counter